[Event "BCF-ch Soanes op"]
[Site "Coventry"]
[Date "2015.08.01"]
[Round "3"]
[White "Woods, Timothy J"]
[Black "Manickam, Saravanna Bava"]
[Result "1/2-1/2"]
[WhiteElo "1719"]
[BlackElo "131"]
[PlyCount "33"]
[EventDate "2015.07.31"]
[EventType "swiss"]
[EventRounds "5"]
[EventCountry "ENG"]
[SourceTitle "CBM 167 Extra"]
[Source "ChessBase"]
[SourceDate "2015.09.14"]
[SourceVersion "1"]
[SourceVersionDate "2015.09.14"]
[SourceQuality "1"]

1. e4 d5 2. exd5 Nf6 3. d4 Nxd5 4. c4 Nb4 5. a3 N4c6 6. Be3 Bf5 7. Nf3 e6 8. Qb3 Qc8 9. d5 exd5 10. cxd5 Nd8 11. Nc3 Be7 12. Be2 0-0 13. 0-0 Nd7 14. Rfd1 Nf6 15. Rac1 a6 16. Na4 Qb8 17. Nc3 1/2-1/2

[Event "BCF-ch Soanes op"]
[Site "Coventry"]
[Date "2015.07.31"]
[Round "1"]
[White "Williams, Stephen"]
[Black "Manickam, Saravanna Bava"]
[Result "1/2-1/2"]
[WhiteElo "1750"]
[BlackElo "131"]
[PlyCount "98"]
[EventDate "2015.07.31"]
[EventType "swiss"]
[EventRounds "5"]
[EventCountry "ENG"]
[SourceTitle "CBM 167 Extra"]
[Source "ChessBase"]
[SourceDate "2015.09.14"]
[SourceVersion "1"]
[SourceVersionDate "2015.09.14"]
[SourceQuality "1"]

1. d4 Nf6 2. c4 e5 3. dxe5 Ng4 4. Bf4 Nc6 5. Nf3 Bb4+ 6. Nbd2 Qe7 7. e3 Ngxe5 8. Nxe5 Nxe5 9. Be2 0-0 10. 0-0 d6 11. Nb3 Bf5 12. a3 Bc5 13. Nxc5 dxc5 14. Qd5 Rfe8 15. Rfd1 c6 16. Qd2 Rad8 17. Qc3 Ng6 18. Bg3 Be4 19. b4 Qg5 20. f3 Bf5 21. Rxd8 Rxd8 22. Rd1 Qe7 23. Rxd8+ Qxd8 24. bxc5 Be6 25. Bd3 Ne7 26. e4 Nc8 27. Bc2 b6 28. Qd3 Qxd3 29. Bxd3 bxc5 30. Bf2 Nb6 31. Bxc5 Bxc4 32. Bxc4 Nxc4 33. Bxa7 Nxa3 34. Bc5 Nc4 35. Kf1 f6 36. Ke2 Kf7 37. Kd3 Ne5+ 38. Kd4 Nd7 39. Bb4 Ke6 40. f4 g6 41. g4 h5 42. gxh5 gxh5 43. f5+ Kf7 44. Bd6 Kg7 45. Bf4 Kf7 46. Bd6 Kg7 47. h4 Kf7 48. Kc4 Ke8 49. Kd4 Kf7 1/2-1/2